000 00555nam a2200229Ia 4500
003 OSt
005 20220918201734.0
006 a|||||r|||| 00| 0
007 ta
008 220917b |||||||| |||| 00| 0 eng d
024 _a96,103
037 _cTextual
040 _aARTS
_cARTS
_beng
041 _2eng
_aeng
082 _aV2:1:N5, H6;1
100 _aSorensen R W
_9100387
245 0 _aMy impression of India
260 _c1946
650 _aHISTORY
942 _hV2:1:N5, H6;1
_cTEXL
_2CC
999 _c219714
_d219714